000 00706nam a2200229 a 4500
001 14246
003 BD-JhCC
005 20250224122706.0
008 250224b1991 e a|||| ||a| 001 0 eng d
020 _a0029465184
035 _a(BD-JhCC)14246
040 _aBD-JhCC
_dBD-JhCC
041 _aenglish
082 _a620
_bHUB 1991
100 _a Hubert,Charles I.
245 _a Electric machines :
_b theory, operation, applications, adjustment, and control /
_cCharles I. Hubert.
260 _aLondon:
_bMerrill, an imprint of Macmillan Pub;
_c1991.
300 _axx, 556 p. :
_bill. ;
_c24 cm.
650 _aElectrical engineering
_zEngineering & Applied Operations
942 _2ddc
_cBK
999 _c14246
_d14246